[Event "April 9 Early 2024"]
[Site "Chess.com"]
[Date "2024.04.09"]
[Round "11"]
[White "Bartel, Michal"]
[Black "Dubnevych, Maksym"]
[Result "1-0"]
[Board "70"]
[WhiteFideId "1119257"]
[BlackFideId "14184001"]
[WhiteTitle "FM"]
[BlackTitle "FM"]
[WhiteElo "2587"]
[BlackElo "2735"]
[WhiteTeam "POL"]
[BlackTeam "UKR"]
[WhiteClock "0:00:16"]
[BlackClock "0:00:09"]
[Variant "Standard"]

1. e4 {[%clk 0:03:00]}  a6 {[%clk 0:03:00]} 2. g3 {[%clk 0:03:00]}  c6 {[%clk 0:03:01]} 3. Bg2 {[%clk 0:03:00]}  g6 {[%clk 0:03:02]} 4. d4 {[%clk 0:03:00]}  Bg7 {[%clk 0:03:03]} 5. Ne2 {[%clk 0:03:00]}  d5 {[%clk 0:03:03]} 6. Nbc3 {[%clk 0:02:58]}  Nf6 {[%clk 0:03:04]} 7. e5 {[%clk 0:02:58]}  Nfd7 {[%clk 0:03:04]} 8. Nf4 {[%clk 0:02:54]}  O-O {[%clk 0:03:04]} 9. e6 {[%clk 0:02:52]}  Nf6 {[%clk 0:03:01]} 10. exf7+ {[%clk 0:02:53]}  Rxf7 {[%clk 0:03:02]} 11. O-O {[%clk 0:02:50]}  b5 {[%clk 0:02:53]} 12. Nd3 {[%clk 0:02:50]}  Nbd7 {[%clk 0:02:53]} 13. a4 {[%clk 0:02:44]}  Rb8 {[%clk 0:02:36]} 14. axb5 {[%clk 0:02:43]}  axb5 {[%clk 0:02:37]} 15. Bf4 {[%clk 0:02:43]}  Rb7 {[%clk 0:02:35]} 16. Re1 {[%clk 0:02:03]}  Nh5 {[%clk 0:02:33]} 17. Bg5 {[%clk 0:01:56]}  Bxd4 {[%clk 0:02:25]} 18. Nf4 {[%clk 0:01:55]}  Nxf4 {[%clk 0:02:21]} 19. Qxd4 {[%clk 0:01:50]}  Nxg2 {[%clk 0:02:21]} 20. Kxg2 {[%clk 0:01:47]}  Qf8 {[%clk 0:02:15]} 21. f4 {[%clk 0:01:39]}  h6 {[%clk 0:02:08]} 22. Bh4 {[%clk 0:01:35]}  b4 {[%clk 0:02:01]} 23. Nd1 {[%clk 0:01:32]}  Rb5 {[%clk 0:01:42]} 24. Re6 {[%clk 0:01:30]}  c5 {[%clk 0:01:34]} 25. Qd3 {[%clk 0:01:16]}  c4 {[%clk 0:01:15]} 26. Qxg6+ {[%clk 0:01:14]}  Rg7 {[%clk 0:01:15]} 27. Qxh6 {[%clk 0:01:14]}  Nf6 {[%clk 0:01:09]} 28. Rxf6 {[%clk 0:01:06]}  exf6 {[%clk 0:01:07]} 29. Qxf6 {[%clk 0:01:06]}  Qxf6 {[%clk 0:01:06]} 30. Bxf6 {[%clk 0:01:07]}  Rf7 {[%clk 0:01:05]} 31. Bd4 {[%clk 0:00:59]}  Bf5 {[%clk 0:01:01]} 32. Ne3 {[%clk 0:00:59]}  Be4+ {[%clk 0:01:00]} 33. Kf2 {[%clk 0:00:59]}  Rb8 {[%clk 0:00:52]} 34. h4 {[%clk 0:00:55]}  Rc8 {[%clk 0:00:41]} 35. Ng4 {[%clk 0:00:52]}  Kh7 {[%clk 0:00:38]} 36. c3 {[%clk 0:00:45]}  bxc3 {[%clk 0:00:36]} 37. Bxc3 {[%clk 0:00:43]}  Re7 {[%clk 0:00:22]} 38. Ra6 {[%clk 0:00:39]}  Kg8 {[%clk 0:00:11]} 39. Rh6 {[%clk 0:00:33]}  Kf7 {[%clk 0:00:09]} 40. Ne5+ {[%clk 0:00:32]}  Kg8 {[%clk 0:00:03]} 41. Ng4 {[%clk 0:00:29]}  Kf7 {[%clk 0:00:03]} 42. Rf6+ {[%clk 0:00:27]}  Ke8 {[%clk 0:00:03]} 43. Bb4 {[%clk 0:00:22]}  Rf7 {[%clk 0:00:03]} 44. Re6+ {[%clk 0:00:22]}  Kd7 {[%clk 0:00:04]} 45. Rd6+ {[%clk 0:00:21]}  Kc7 {[%clk 0:00:04]} 46. Ne5 {[%clk 0:00:21]}  Rg7 {[%clk 0:00:05]} 47. Rc6+ {[%clk 0:00:20]}  Kb7 {[%clk 0:00:05]} 48. Rd6 {[%clk 0:00:15]}  Kc7 {[%clk 0:00:04]} 49. Rh6 {[%clk 0:00:14]}  Rb8 {[%clk 0:00:05]} 50. Bc3 {[%clk 0:00:14]}  Ra8 {[%clk 0:00:05]} 51. Nxc4 {[%clk 0:00:14]}  d4 {[%clk 0:00:03]} 52. Bxd4 {[%clk 0:00:14]}  Rd7 {[%clk 0:00:04]} 53. Be5+ {[%clk 0:00:14]}  Kb7 {[%clk 0:00:04]} 54. Nd6+ {[%clk 0:00:14]}  Rxd6 {[%clk 0:00:04]} 55. Rxd6 {[%clk 0:00:14]}  Ra1 {[%clk 0:00:05]} 56. Rd4 {[%clk 0:00:14]}  Bc6 {[%clk 0:00:05]} 57. Rb4+ {[%clk 0:00:14]}  Kc8 {[%clk 0:00:05]} 58. h5 {[%clk 0:00:15]}  Rh1 {[%clk 0:00:05]} 59. Rc4 {[%clk 0:00:15]}  Rh2+ {[%clk 0:00:06]} 60. Ke3 {[%clk 0:00:14]}  Kd7 {[%clk 0:00:06]} 61. g4 {[%clk 0:00:14]}  Rh3+ {[%clk 0:00:06]} 62. Kd4 {[%clk 0:00:15]}  Rg3 {[%clk 0:00:05]} 63. g5 {[%clk 0:00:15]}  Bb5 {[%clk 0:00:05]} 64. Rb4 {[%clk 0:00:15]}  Bd3 {[%clk 0:00:05]} 65. g6 {[%clk 0:00:15]}  Bf5 {[%clk 0:00:05]} 66. g7 {[%clk 0:00:14]}  Rd3+ {[%clk 0:00:05]} 67. Kc5 {[%clk 0:00:15]}  Be6 {[%clk 0:00:05]} 68. Rd4+ {[%clk 0:00:15]}  Rxd4 {[%clk 0:00:05]} 69. Kxd4 {[%clk 0:00:16]}  Ke7 {[%clk 0:00:06]} 70. b4 {[%clk 0:00:16]}  Kf7 {[%clk 0:00:07]} 71. b5 {[%clk 0:00:15]}  Kg8 {[%clk 0:00:06]} 72. b6 {[%clk 0:00:16]}  Bf7 {[%clk 0:00:07]} 73. b7 {[%clk 0:00:16]}  Kh7 {[%clk 0:00:07]} 74. b8=Q {[%clk 0:00:17]}  Be8 {[%clk 0:00:08]} 75. Qxe8 {[%clk 0:00:16]}  Kh6 {[%clk 0:00:09]} 76. Qh8# {[%clk 0:00:16]} 1-0

[Event "April 9 Early 2024"]
[Site "Chess.com"]
[Date "2024.04.09"]
[Round "11"]
[White "Skotheim, Andreas"]
[Black "Kotlyar, Kirill"]
[Result "1-0"]
[Board "72"]
[WhiteFideId "1518526"]
[BlackFideId "24145599"]
[WhiteTitle "CM"]
[BlackTitle "FM"]
[WhiteElo "2579"]
[BlackElo "2648"]
[WhiteTeam "NOR"]
[BlackTeam "RUS"]
[WhiteClock "0:00:21"]
[BlackClock "0:00:30"]
[Variant "Standard"]

1. d3 {[%clk 0:03:00]}  Nf6 {[%clk 0:02:57]} 2. c4 {[%clk 0:03:00]}  c5 {[%clk 0:02:53]} 3. g3 {[%clk 0:02:59]}  g6 {[%clk 0:02:32]} 4. Nf3 {[%clk 0:02:59]}  Bg7 {[%clk 0:02:32]} 5. Bg2 {[%clk 0:02:59]}  O-O {[%clk 0:02:32]} 6. O-O {[%clk 0:02:59]}  d5 {[%clk 0:02:29]} 7. cxd5 {[%clk 0:02:56]}  Nxd5 {[%clk 0:02:29]} 8. Nc3 {[%clk 0:02:36]}  Nxc3 {[%clk 0:02:26]} 9. bxc3 {[%clk 0:02:37]}  Bxc3 {[%clk 0:02:27]} 10. Bh6 {[%clk 0:02:37]}  Re8 {[%clk 0:02:19]} 11. Rc1 {[%clk 0:02:36]}  Bh8 {[%clk 0:02:09]} 12. Rxc5 {[%clk 0:02:35]}  Qb6 {[%clk 0:01:57]} 13. Qc2 {[%clk 0:02:26]}  Be6 {[%clk 0:01:56]} 14. Rb1 {[%clk 0:02:22]}  Qa6 {[%clk 0:01:56]} 15. Ng5 {[%clk 0:02:05]}  Bxa2 {[%clk 0:01:33]} 16. Rxb7 {[%clk 0:01:59]}  f6 {[%clk 0:01:15]} 17. Rxe7 {[%clk 0:01:24]}  Nd7 {[%clk 0:00:53]} 18. Rxd7 {[%clk 0:01:19]}  fxg5 {[%clk 0:00:53]} 19. Rc6 {[%clk 0:00:30]}  Qa3 {[%clk 0:00:43]} 20. d4 {[%clk 0:00:25]}  Rab8 {[%clk 0:00:40]} 21. Rxg6+ {[%clk 0:00:21]}  hxg6 {[%clk 0:00:31]} 22. Qxg6+ {[%clk 0:00:22]}  Bg7 {[%clk 0:00:30]} 23. Qxg7# {[%clk 0:00:21]} 1-0

[Event "April 9 Early 2024"]
[Site "Chess.com"]
[Date "2024.04.09"]
[Round "11"]
[White "Balla, Tamas-Kristof"]
[Black "Martic, Ivan"]
[Result "0-1"]
[Board "75"]
[WhiteFideId "1208497"]
[BlackFideId "929301"]
[WhiteTitle "IM"]
[BlackTitle "FM"]
[WhiteElo "2562"]
[BlackElo "2625"]
[WhiteTeam "ROU"]
[BlackTeam "SRB"]
[WhiteClock "0:00:04"]
[BlackClock "0:00:10"]
[Variant "Standard"]

1. Nf3 {[%clk 0:03:00]}  Nf6 {[%clk 0:02:59]} 2. b3 {[%clk 0:03:00]}  g6 {[%clk 0:02:58]} 3. Bb2 {[%clk 0:03:01]}  Bg7 {[%clk 0:02:59]} 4. e3 {[%clk 0:03:01]}  b6 {[%clk 0:02:58]} 5. c4 {[%clk 0:03:02]}  Bb7 {[%clk 0:02:58]} 6. Nc3 {[%clk 0:03:02]}  O-O {[%clk 0:02:58]} 7. d4 {[%clk 0:03:02]}  d5 {[%clk 0:02:57]} 8. Be2 {[%clk 0:03:02]}  c5 {[%clk 0:02:56]} 9. O-O {[%clk 0:03:02]}  cxd4 {[%clk 0:02:55]} 10. exd4 {[%clk 0:03:02]}  Nc6 {[%clk 0:02:44]} 11. Re1 {[%clk 0:03:00]}  e6 {[%clk 0:02:38]} 12. Rc1 {[%clk 0:02:58]}  Rc8 {[%clk 0:02:34]} 13. Ba3 {[%clk 0:02:33]}  Re8 {[%clk 0:02:34]} 14. Nb5 {[%clk 0:02:22]}  Bf8 {[%clk 0:02:34]} 15. Bxf8 {[%clk 0:02:21]}  Kxf8 {[%clk 0:02:35]} 16. Ne5 {[%clk 0:02:15]}  a6 {[%clk 0:02:30]} 17. Nc3 {[%clk 0:02:05]}  dxc4 {[%clk 0:02:23]} 18. Nxc6 {[%clk 0:01:59]}  Rxc6 {[%clk 0:02:23]} 19. Bf3 {[%clk 0:01:49]}  Rc7 {[%clk 0:02:16]} 20. Bxb7 {[%clk 0:01:47]}  Rxb7 {[%clk 0:02:17]} 21. bxc4 {[%clk 0:01:47]}  Rd7 {[%clk 0:02:10]} 22. d5 {[%clk 0:01:40]}  exd5 {[%clk 0:02:09]} 23. cxd5 {[%clk 0:01:40]}  Nxd5 {[%clk 0:02:07]} 24. Rxe8+ {[%clk 0:01:39]}  Kxe8 {[%clk 0:02:06]} 25. Ne4 {[%clk 0:01:30]}  Nc3 {[%clk 0:01:25]} 26. Qe1 {[%clk 0:01:09]}  Nxe4 {[%clk 0:01:25]} 27. Qxe4+ {[%clk 0:01:10]}  Kf8 {[%clk 0:01:25]} 28. Qe2 {[%clk 0:00:56]}  b5 {[%clk 0:01:22]} 29. h3 {[%clk 0:00:52]}  h5 {[%clk 0:01:20]} 30. Re1 {[%clk 0:00:44]}  Kg7 {[%clk 0:01:13]} 31. Qe5+ {[%clk 0:00:41]}  Qf6 {[%clk 0:01:13]} 32. Qe3 {[%clk 0:00:38]}  Qd4 {[%clk 0:01:05]} 33. Qf3 {[%clk 0:00:36]}  Rc7 {[%clk 0:00:59]} 34. Re2 {[%clk 0:00:28]}  Rc1+ {[%clk 0:00:57]} 35. Kh2 {[%clk 0:00:28]}  Qd6+ {[%clk 0:00:56]} 36. g3 {[%clk 0:00:28]}  h4 {[%clk 0:00:56]} 37. Qe3 {[%clk 0:00:19]}  hxg3+ {[%clk 0:00:54]} 38. fxg3 {[%clk 0:00:19]}  Qc6 {[%clk 0:00:50]} 39. Rg2 {[%clk 0:00:19]}  Rc2 {[%clk 0:00:46]} 40. Qe5+ {[%clk 0:00:19]}  Kh7 {[%clk 0:00:46]} 41. Re2 {[%clk 0:00:11]}  Qc4 {[%clk 0:00:42]} 42. Rg2 {[%clk 0:00:06]}  Rxg2+ {[%clk 0:00:41]} 43. Kxg2 {[%clk 0:00:06]}  Qxa2+ {[%clk 0:00:42]} 44. Kf3 {[%clk 0:00:07]}  Qb3+ {[%clk 0:00:39]} 45. Kg2 {[%clk 0:00:06]}  Qc2+ {[%clk 0:00:38]} 46. Kh1 {[%clk 0:00:05]}  Qd1+ {[%clk 0:00:32]} 47. Kh2 {[%clk 0:00:05]}  Qd2+ {[%clk 0:00:31]} 48. Kh1 {[%clk 0:00:05]}  Qc1+ {[%clk 0:00:27]} 49. Kh2 {[%clk 0:00:05]}  Qc2+ {[%clk 0:00:26]} 50. Kh1 {[%clk 0:00:06]}  b4 {[%clk 0:00:26]} 51. h4 {[%clk 0:00:06]}  b3 {[%clk 0:00:24]} 52. Qf4 {[%clk 0:00:06]}  Qd1+ {[%clk 0:00:21]} 53. Kh2 {[%clk 0:00:06]}  Qe2+ {[%clk 0:00:20]} 54. Kh1 {[%clk 0:00:06]}  Qe6 {[%clk 0:00:18]} 55. h5 {[%clk 0:00:06]}  gxh5 {[%clk 0:00:17]} 56. Qg5 {[%clk 0:00:07]}  Qg6 {[%clk 0:00:15]} 57. Qe5 {[%clk 0:00:05]}  a5 {[%clk 0:00:11]} 58. Kh2 {[%clk 0:00:06]}  a4 {[%clk 0:00:11]} 59. Qb2 {[%clk 0:00:04]}  Qc2+ {[%clk 0:00:10]} 0-1

[Event "April 9 Early 2024"]
[Site "Chess.com"]
[Date "2024.04.09"]
[Round "11"]
[White "Pajeken, Jakob Leon"]
[Black "Ganzhurov, Roman"]
[Result "1-0"]
[Board "76"]
[WhiteFideId "12942839"]
[BlackFideId "4179501"]
[WhiteTitle "IM"]
[BlackTitle "FM"]
[WhiteElo "2623"]
[BlackElo "2527"]
[WhiteTeam "GER"]
[BlackTeam "RUS"]
[WhiteClock "0:01:58"]
[BlackClock "0:00:28"]
[Variant "Standard"]

1. d4 {[%clk 0:03:00]}  f6 {[%clk 0:03:00]} 2. Nf3 {[%clk 0:03:00]}  g6 {[%clk 0:02:55]} 3. e4 {[%clk 0:02:59]}  Bg7 {[%clk 0:02:53]} 4. c4 {[%clk 0:02:59]}  e6 {[%clk 0:02:53]} 5. Nc3 {[%clk 0:02:59]}  Ne7 {[%clk 0:02:54]} 6. Be3 {[%clk 0:02:56]}  O-O {[%clk 0:02:55]} 7. Qd2 {[%clk 0:02:57]}  d5 {[%clk 0:02:53]} 8. O-O-O {[%clk 0:02:51]}  c6 {[%clk 0:02:51]} 9. h4 {[%clk 0:02:50]}  h5 {[%clk 0:02:51]} 10. Bd3 {[%clk 0:02:46]}  dxc4 {[%clk 0:02:12]} 11. Bxc4 {[%clk 0:02:45]}  b5 {[%clk 0:02:12]} 12. Bb3 {[%clk 0:02:45]}  a5 {[%clk 0:02:13]} 13. a4 {[%clk 0:02:42]}  b4 {[%clk 0:02:13]} 14. Ne2 {[%clk 0:02:41]}  Na6 {[%clk 0:02:13]} 15. Kb1 {[%clk 0:02:40]}  Nc7 {[%clk 0:02:14]} 16. Ng3 {[%clk 0:02:40]}  Kh7 {[%clk 0:02:12]} 17. Qc2 {[%clk 0:02:38]}  Ba6 {[%clk 0:02:09]} 18. e5 {[%clk 0:02:37]}  Ncd5 {[%clk 0:01:59]} 19. Nxh5 {[%clk 0:02:34]}  fxe5 {[%clk 0:01:59]} 20. Ng5+ {[%clk 0:02:29]}  Kg8 {[%clk 0:01:58]} 21. Nxg7 {[%clk 0:02:30]}  Qc8 {[%clk 0:01:17]} 22. N7xe6 {[%clk 0:02:27]}  Rf5 {[%clk 0:01:15]} 23. g4 {[%clk 0:02:25]}  Rf6 {[%clk 0:01:14]} 24. Nc5 {[%clk 0:02:23]}  Qxg4 {[%clk 0:01:08]} 25. dxe5 {[%clk 0:02:21]}  Rff8 {[%clk 0:01:05]} 26. h5 {[%clk 0:02:10]}  Qf5 {[%clk 0:00:46]} 27. hxg6 {[%clk 0:02:05]}  Qxc2+ {[%clk 0:00:44]} 28. Kxc2 {[%clk 0:02:03]}  Rf5 {[%clk 0:00:39]} 29. Nf7 {[%clk 0:01:58]}  Nxg6 {[%clk 0:00:28]} 30. Nh6+ {[%clk 0:01:58]} 1-0

[Event "April 9 Early 2024"]
[Site "Chess.com"]
[Date "2024.04.09"]
[Round "11"]
[White "Danielian, Vardan"]
[Black "Guliev, Logman"]
[Result "0-1"]
[Board "78"]
[WhiteFideId "13301594"]
[BlackFideId "13400061"]
[WhiteTitle "FM"]
[BlackTitle "IM"]
[WhiteElo "2622"]
[BlackElo "2516"]
[WhiteTeam "ARM"]
[BlackTeam "AZE"]
[WhiteClock "0:00:19"]
[BlackClock "0:00:56"]
[Variant "Standard"]

1. d4 {[%clk 0:03:00]}  Nf6 {[%clk 0:02:59]} 2. Nf3 {[%clk 0:03:00]}  g6 {[%clk 0:02:58]} 3. c4 {[%clk 0:03:00]}  Bg7 {[%clk 0:02:58]} 4. g3 {[%clk 0:03:00]}  O-O {[%clk 0:02:59]} 5. Bg2 {[%clk 0:03:00]}  d6 {[%clk 0:02:59]} 6. Nc3 {[%clk 0:02:59]}  Nbd7 {[%clk 0:03:00]} 7. O-O {[%clk 0:02:59]}  e5 {[%clk 0:03:01]} 8. h3 {[%clk 0:02:59]}  c6 {[%clk 0:03:01]} 9. dxe5 {[%clk 0:02:58]}  dxe5 {[%clk 0:03:00]} 10. Be3 {[%clk 0:02:58]}  Re8 {[%clk 0:03:00]} 11. Qb3 {[%clk 0:02:58]}  Qc7 {[%clk 0:02:58]} 12. Rfd1 {[%clk 0:02:56]}  b6 {[%clk 0:02:48]} 13. Ng5 {[%clk 0:02:53]}  Bb7 {[%clk 0:02:36]} 14. c5 {[%clk 0:02:14]}  Nxc5 {[%clk 0:02:34]} 15. Bxc5 {[%clk 0:02:14]}  bxc5 {[%clk 0:02:33]} 16. Nce4 {[%clk 0:02:05]}  Nxe4 {[%clk 0:02:16]} 17. Nxe4 {[%clk 0:02:02]}  Rab8 {[%clk 0:02:00]} 18. Nxc5 {[%clk 0:01:38]}  Bc8 {[%clk 0:01:58]} 19. Qc2 {[%clk 0:01:33]}  e4 {[%clk 0:01:55]} 20. Nxe4 {[%clk 0:01:25]}  Rxb2 {[%clk 0:01:52]} 21. Qd3 {[%clk 0:01:07]}  Bf5 {[%clk 0:01:50]} 22. Qc4 {[%clk 0:00:51]}  Be6 {[%clk 0:01:46]} 23. Qd3 {[%clk 0:00:46]}  Bxa2 {[%clk 0:01:36]} 24. e3 {[%clk 0:00:34]}  Bd5 {[%clk 0:01:22]} 25. Nc5 {[%clk 0:00:28]}  Bxg2 {[%clk 0:01:13]} 26. Kxg2 {[%clk 0:00:29]}  Qe5 {[%clk 0:01:11]} 27. Rac1 {[%clk 0:00:27]}  a5 {[%clk 0:01:05]} 28. Nd7 {[%clk 0:00:22]}  Qe6 {[%clk 0:01:01]} 29. Nc5 {[%clk 0:00:20]}  Qf6 {[%clk 0:00:59]} 30. Ne4 {[%clk 0:00:19]}  Rxe4 {[%clk 0:00:58]} 31. Qxe4 {[%clk 0:00:18]}  Qxf2+ {[%clk 0:00:56]} 32. Kh1 {[%clk 0:00:19]}  Qh2# {[%clk 0:00:56]} 0-1

[Event "April 9 Early 2024"]
[Site "Chess.com"]
[Date "2024.04.09"]
[Round "11"]
[White "Bravo De La Vega, Alvaro"]
[Black "Gontcharov, Vladislav"]
[Result "1-0"]
[Board "81"]
[WhiteFideId "24570672"]
[BlackFideId "4123492"]
[WhiteTitle "CM"]
[WhiteElo "2450"]
[BlackElo "2599"]
[WhiteTeam "ESP"]
[BlackTeam "RUS"]
[WhiteClock "0:01:18"]
[BlackClock "0:00:00"]
[Variant "Standard"]

1. Nf3 {[%clk 0:03:00]}  Nf6 {[%clk 0:02:58]} 2. g3 {[%clk 0:03:00]}  c5 {[%clk 0:02:58]} 3. c4 {[%clk 0:03:00]}  Nc6 {[%clk 0:02:58]} 4. Bg2 {[%clk 0:03:00]}  d6 {[%clk 0:02:58]} 5. Nc3 {[%clk 0:02:58]}  g6 {[%clk 0:02:58]} 6. O-O {[%clk 0:02:58]}  Bg7 {[%clk 0:02:58]} 7. d4 {[%clk 0:02:59]}  cxd4 {[%clk 0:02:58]} 8. Nxd4 {[%clk 0:03:00]}  Bd7 {[%clk 0:02:58]} 9. h3 {[%clk 0:02:48]}  O-O {[%clk 0:02:51]} 10. Be3 {[%clk 0:02:48]}  Qc8 {[%clk 0:02:44]} 11. Kh2 {[%clk 0:02:47]}  Nxd4 {[%clk 0:02:43]} 12. Bxd4 {[%clk 0:02:43]}  Qxc4 {[%clk 0:02:37]} 13. e3 {[%clk 0:02:38]}  Bc6 {[%clk 0:02:25]} 14. b3 {[%clk 0:02:23]}  Qe6 {[%clk 0:02:16]} 15. Rc1 {[%clk 0:02:23]}  Bxg2 {[%clk 0:02:13]} 16. Kxg2 {[%clk 0:02:24]}  b6 {[%clk 0:02:00]} 17. Qf3 {[%clk 0:02:21]}  Rac8 {[%clk 0:02:00]} 18. Nb5 {[%clk 0:02:17]}  Qd7 {[%clk 0:01:57]} 19. a4 {[%clk 0:02:14]}  e5 {[%clk 0:01:29]} 20. Bb2 {[%clk 0:02:14]}  a6 {[%clk 0:01:26]} 21. Na3 {[%clk 0:02:10]}  b5 {[%clk 0:01:07]} 22. a5 {[%clk 0:02:08]}  Rfd8 {[%clk 0:00:55]} 23. Nc2 {[%clk 0:02:07]}  d5 {[%clk 0:00:29]} 24. Bxe5 {[%clk 0:02:06]}  Ne4 {[%clk 0:00:24]} 25. Bxg7 {[%clk 0:02:06]}  Kxg7 {[%clk 0:00:24]} 26. Qf4 {[%clk 0:01:59]}  Qc7 {[%clk 0:00:16]} 27. Nb4 {[%clk 0:01:53]}  Qxa5 {[%clk 0:00:15]} 28. Rxc8 {[%clk 0:01:51]}  Rxc8 {[%clk 0:00:15]} 29. Nxd5 {[%clk 0:01:52]}  Re8 {[%clk 0:00:11]} 30. Rd1 {[%clk 0:01:45]}  Qd8 {[%clk 0:00:09]} 31. Rd4 {[%clk 0:01:44]}  Nf6 {[%clk 0:00:08]} 32. Nc7 {[%clk 0:01:29]}  Qc8 {[%clk 0:00:01]} 33. Kh2 {[%clk 0:01:20]}  Re7 {[%clk 0:00:00]} 34. Nxa6 {[%clk 0:01:18]} 1-0

[Event "April 9 Early 2024"]
[Site "Chess.com"]
[Date "2024.04.09"]
[Round "11"]
[White "Rozman, Levy"]
[Black "Liu, Casper"]
[Result "0-1"]
[Board "87"]
[WhiteFideId "2039877"]
[BlackFideId "1454153"]
[WhiteTitle "IM"]
[BlackTitle "FM"]
[WhiteElo "2653"]
[BlackElo "2513"]
[WhiteTeam "USA"]
[BlackTeam "DEN"]
[WhiteClock "0:00:01"]
[BlackClock "0:01:01"]
[Variant "Standard"]

1. e4 {[%clk 0:03:00]}  a6 {[%clk 0:02:59]} 2. Ke2 {[%clk 0:02:59]}  g6 {[%clk 0:03:00]} 3. d3 {[%clk 0:02:59]}  Bg7 {[%clk 0:03:00]} 4. Nd2 {[%clk 0:02:59]}  d5 {[%clk 0:03:01]} 5. c3 {[%clk 0:02:57]}  Nc6 {[%clk 0:03:01]} 6. f3 {[%clk 0:02:57]}  f5 {[%clk 0:03:00]} 7. d4 {[%clk 0:02:35]}  fxe4 {[%clk 0:02:47]} 8. fxe4 {[%clk 0:02:34]}  Bg4+ {[%clk 0:02:48]} 9. Ngf3 {[%clk 0:02:33]}  Nf6 {[%clk 0:02:48]} 10. e5 {[%clk 0:02:31]}  Ne4 {[%clk 0:02:48]} 11. Qe1 {[%clk 0:02:20]}  O-O {[%clk 0:02:47]} 12. h3 {[%clk 0:02:15]}  Bxf3+ {[%clk 0:02:24]} 13. gxf3 {[%clk 0:02:13]}  Ng5 {[%clk 0:02:14]} 14. h4 {[%clk 0:01:51]}  Ne6 {[%clk 0:02:15]} 15. Kd3 {[%clk 0:01:50]}  Qd7 {[%clk 0:02:05]} 16. Nb3 {[%clk 0:01:34]}  Nf4+ {[%clk 0:02:05]} 17. Bxf4 {[%clk 0:01:11]}  Rxf4 {[%clk 0:02:06]} 18. Nd2 {[%clk 0:01:04]}  Qf5+ {[%clk 0:02:02]} 19. Ke2 {[%clk 0:01:00]}  Rf8 {[%clk 0:02:02]} 20. Bh3 {[%clk 0:00:52]}  Qc2 {[%clk 0:02:01]} 21. Qc1 {[%clk 0:00:49]}  Qa4 {[%clk 0:01:48]} 22. h5 {[%clk 0:00:35]}  Bh6 {[%clk 0:01:45]} 23. hxg6 {[%clk 0:00:33]}  hxg6 {[%clk 0:01:46]} 24. Be6+ {[%clk 0:00:33]}  Kg7 {[%clk 0:01:47]} 25. Rxh6 {[%clk 0:00:29]}  Kxh6 {[%clk 0:01:45]} 26. Qh1+ {[%clk 0:00:28]}  Kg7 {[%clk 0:01:44]} 27. Rg1 {[%clk 0:00:25]}  Qb5+ {[%clk 0:01:35]} 28. Ke3 {[%clk 0:00:22]}  Nxe5 {[%clk 0:01:30]} 29. dxe5 {[%clk 0:00:15]}  Qb6+ {[%clk 0:01:30]} 30. Ke2 {[%clk 0:00:13]}  Qxe6 {[%clk 0:01:31]} 31. Qg2 {[%clk 0:00:09]}  Qxe5+ {[%clk 0:01:30]} 32. Kd1 {[%clk 0:00:10]}  R8f6 {[%clk 0:01:30]} 33. Qh3 {[%clk 0:00:09]}  Qf5 {[%clk 0:01:29]} 34. Qh2 {[%clk 0:00:04]}  Qd3 {[%clk 0:01:29]} 35. Rh1 {[%clk 0:00:04]}  Kf7 {[%clk 0:01:21]} 36. Re1 {[%clk 0:00:01]}  Kg7 {[%clk 0:01:11]} 37. Rxe7+ {[%clk 0:00:01]}  Rf7 {[%clk 0:01:10]} 38. Rxf7+ {[%clk 0:00:01]}  Rxf7 {[%clk 0:01:11]} 39. Qe5+ {[%clk 0:00:02]}  Kg8 {[%clk 0:01:09]} 40. Qe8+ {[%clk 0:00:03]}  Kg7 {[%clk 0:01:10]} 41. Qe5+ {[%clk 0:00:03]}  Kh7 {[%clk 0:01:11]} 42. Qh2+ {[%clk 0:00:03]}  Kg8 {[%clk 0:01:10]} 43. Kc1 {[%clk 0:00:03]}  d4 {[%clk 0:01:08]} 44. Qe5 {[%clk 0:00:03]}  dxc3 {[%clk 0:01:05]} 45. bxc3 {[%clk 0:00:03]}  Qd6 {[%clk 0:01:03]} 46. Qe8+ {[%clk 0:00:03]}  Qf8 {[%clk 0:01:03]} 47. Qe6 {[%clk 0:00:03]}  Qa3+ {[%clk 0:01:03]} 48. Kc2 {[%clk 0:00:03]}  Qa4+ {[%clk 0:01:03]} 49. Kc1 {[%clk 0:00:04]}  Qc6 {[%clk 0:01:03]} 50. Qc8+ {[%clk 0:00:03]}  Kg7 {[%clk 0:01:03]} 51. Ne4 {[%clk 0:00:04]}  Rxf3 {[%clk 0:01:01]} 52. Ng5 {[%clk 0:00:01]}  Qxc3+ {[%clk 0:01:01]} 0-1

[Event "April 9 Early 2024"]
[Site "Chess.com"]
[Date "2024.04.09"]
[Round "11"]
[White "Zhizmer, Yuri"]
[Black "Diaz Herquinio, Brahian"]
[Result "1-0"]
[Board "88"]
[WhiteFideId "14108852"]
[BlackFideId "3809480"]
[WhiteTitle "IM"]
[BlackTitle "CM"]
[WhiteElo "2634"]
[BlackElo "2511"]
[WhiteTeam "ISR"]
[BlackTeam "PER"]
[WhiteClock "0:00:50"]
[BlackClock "0:00:05"]
[Variant "Standard"]

1. e4 {[%clk 0:03:00]}  c5 {[%clk 0:02:51]} 2. f4 {[%clk 0:02:58]}  a6 {[%clk 0:02:51]} 3. Nf3 {[%clk 0:02:58]}  b5 {[%clk 0:02:50]} 4. a4 {[%clk 0:02:58]}  b4 {[%clk 0:02:50]} 5. Bc4 {[%clk 0:02:58]}  e6 {[%clk 0:02:50]} 6. e5 {[%clk 0:02:55]}  Bb7 {[%clk 0:02:49]} 7. O-O {[%clk 0:02:54]}  d5 {[%clk 0:02:46]} 8. Be2 {[%clk 0:02:44]}  Nh6 {[%clk 0:02:43]} 9. c3 {[%clk 0:02:44]}  bxc3 {[%clk 0:02:33]} 10. bxc3 {[%clk 0:02:41]}  Nf5 {[%clk 0:02:31]} 11. d4 {[%clk 0:02:41]}  h5 {[%clk 0:02:30]} 12. Bd3 {[%clk 0:02:40]}  g6 {[%clk 0:02:27]} 13. Bxf5 {[%clk 0:02:32]}  gxf5 {[%clk 0:02:27]} 14. Be3 {[%clk 0:02:33]}  Nd7 {[%clk 0:02:26]} 15. Nbd2 {[%clk 0:02:31]}  h4 {[%clk 0:02:21]} 16. h3 {[%clk 0:02:30]}  Qc7 {[%clk 0:02:15]} 17. Rb1 {[%clk 0:02:29]}  Be7 {[%clk 0:02:15]} 18. Qe1 {[%clk 0:02:23]}  a5 {[%clk 0:02:10]} 19. Kh2 {[%clk 0:02:18]}  Ba6 {[%clk 0:02:04]} 20. Rg1 {[%clk 0:02:18]}  Rc8 {[%clk 0:01:46]} 21. Bf2 {[%clk 0:02:15]}  cxd4 {[%clk 0:01:38]} 22. cxd4 {[%clk 0:02:16]}  Qc2 {[%clk 0:01:18]} 23. Rc1 {[%clk 0:01:58]}  Qxa4 {[%clk 0:01:09]} 24. Rxc8+ {[%clk 0:01:53]}  Bxc8 {[%clk 0:01:09]} 25. Qc1 {[%clk 0:01:35]}  Bb7 {[%clk 0:00:35]} 26. Qc7 {[%clk 0:01:30]}  Qc6 {[%clk 0:00:32]} 27. Qxa5 {[%clk 0:01:29]}  Nf8 {[%clk 0:00:25]} 28. Nb3 {[%clk 0:01:22]}  Ng6 {[%clk 0:00:25]} 29. Nc5 {[%clk 0:01:13]}  Bxc5 {[%clk 0:00:20]} 30. dxc5 {[%clk 0:01:11]}  Nxf4 {[%clk 0:00:19]} 31. Nd4 {[%clk 0:01:10]}  Qc8 {[%clk 0:00:19]} 32. c6 {[%clk 0:01:09]}  Ba8 {[%clk 0:00:19]} 33. Qc5 {[%clk 0:01:06]}  Nd3 {[%clk 0:00:18]} 34. Qc2 {[%clk 0:01:00]}  Nxf2 {[%clk 0:00:17]} 35. Qxf2 {[%clk 0:01:01]}  Ke7 {[%clk 0:00:14]} 36. Rc1 {[%clk 0:00:57]}  Qc7 {[%clk 0:00:12]} 37. Qe3 {[%clk 0:00:52]}  Rg8 {[%clk 0:00:10]} 38. Qa3+ {[%clk 0:00:50]}  Ke8 {[%clk 0:00:05]} 39. Qxa8+ {[%clk 0:00:50]} 1-0